| 000 | 00642nam a22001935i 4500 | ||
|---|---|---|---|
| 001 | 165545 | ||
| 003 | ES-MaACL | ||
| 005 | 20250805062614.0 | ||
| 008 | 050825s1900 be | |||||||| ||fre d | ||
| 040 |
_aCAM _bspa _cCAM |
||
| 100 | 1 |
_aSolvay, Ernest. _9132809 |
|
| 245 | 1 | 0 |
_aNotes sur le productivisme et le comptabilisme _b: études sociales / _cpar Ernest Solvay. |
| 260 |
_aBruxelles : _bHenri Lamertin editeur, _c1900 ( _fImp. écon. N. Vandersypen) |
||
| 300 |
_a172 p. ; _c25 cm. |
||
| 650 | 7 |
_aSociología _2embne _917195 |
|
| 752 |
_aBélgica - _dBruselas |
||
| 852 |
_aES-MaACL _jF-7760 _z-- Sin enc. |
||
| 999 |
_c165545 _d165545 |
||